| Tag |
First Indicator |
Second Indicator |
Subfields |
| LEADER |
00000ctm a2200000Ia 4500 |
| 001 |
in00000015320 |
| 005 |
20220104090811.0 |
| 008 |
880608s1986 xx bm 000 0 eng d |
| 035 |
|
|
|9 AAB0136AM
|
| 035 |
|
|
|a (OCoLC)18055887
|
| 035 |
|
|
|a (OCoLC)ocm18055887
|
| 040 |
|
|
|a TXA
|b eng
|c TXA
|d OCLCQ
|d OCLCF
|d OCLCQ
|d UMI
|d OCLCO
|d TXA
|
| 049 |
|
|
|a TXAM
|
| 099 |
|
|
|a 1986
|a Dissertation
|a R522
|
| 100 |
1 |
|
|a Richardson, Edgar Wayne.
|
| 245 |
1 |
0 |
|a Asymptotic normality of the estimators of the parameters of certain mixtures of discrete and continuous distributions.
|
| 264 |
|
1 |
|c 1986.
|
| 300 |
|
|
|a vi, 70 leaves ;
|c 29 cm
|
| 336 |
|
|
|a text
|b txt
|2 rdacontent
|
| 337 |
|
|
|a unmediated
|b n
|2 rdamedia
|
| 338 |
|
|
|a volume
|b nc
|2 rdacarrier
|
| 500 |
|
|
|a Typescript (photocopy).
|
| 500 |
|
|
|a Vita.
|
| 502 |
|
|
|b Ph. D. in Statistics
|c Texas A & M University
|d 1986
|
| 504 |
|
|
|a Includes bibliographical references (leaves 68-69).
|
| 520 |
3 |
|
|a In this dissertation we consider the analysis of data sampled from a cumulative distribution function which is a mixture of two distributions, one of which is discrete with a finite number of jump points and the other which is continuous at each of the jump points of the first. Estimators of population values such as the mean and variance are available for discrete-continuous mixture distributions. A general method is presented for calculating the asymptotic distribution of a class of estimators of certain functions of the parameters of discrete-continuous mixture distributions.
|
| 650 |
|
0 |
|a Asymptotic distribution (Probability theory)
|
| 650 |
|
0 |
|a Mixture distributions (Probability theory)
|
| 650 |
|
4 |
|a Major statistics.
|
| 655 |
|
7 |
|a Academic theses
|2 lcgft
|
| 700 |
1 |
|
|a Dahm, P. Fred,
|e degree committee member.
|
| 700 |
1 |
|
|a Gates, Charles E.,
|e degree supervisor.
|
| 700 |
1 |
|
|a Longnecker, M. T.,
|e degree supervisor.
|
| 700 |
1 |
|
|a Miller, F. R.,
|e degree committee member.
|
| 710 |
2 |
|
|a Texas A & M University,
|e degree granting institution.
|
| 856 |
4 |
1 |
|u http://proxy.library.tamu.edu/login?url=http://proquest.umi.com/pqdweb?did=749099291&sid=1&Fmt=2&clientId=2945&RQT=309&VName=PQD
|z Link to ProQuest copy
|t 0
|
| 856 |
4 |
1 |
|u https://hdl.handle.net/1969.1/DISSERTATIONS-23808
|z Link to OAKTrust copy
|t 0
|
| 994 |
|
|
|a C0
|b TXA
|
| 999 |
f |
f |
|s 732e5704-bc9e-3fd3-b476-f2f892c0828f
|i 36631602-c590-379d-b9af-3b1779dbda07
|t 0
|
| 952 |
f |
f |
|p noncirc
|a Texas A&M University
|b J.J. Pickle Campus
|c High Density Repository
|s HDR
|d Remote Storage
|t 0
|e 1986 Dissertation R522
|h Other scheme
|i unmediated -- volume
|m A14839616364
|
| 952 |
f |
f |
|a Texas A&M University
|b College Station
|c Electronic Resources
|s www_evans
|d Available Online
|t 0
|e 1986 Dissertation R522
|h Other scheme
|
| 998 |
f |
f |
|a 1986 Dissertation R522
|t 0
|l Available Online
|
| 998 |
f |
f |
|a 1986 Dissertation R522
|t 0
|l Remote Storage
|